Statystyki dla Piłkarski quiz transferowy 7!

Kliknij tutaj aby rozwiązać quiz!

Ogólne statystyki

  • Ten quiz został rozwiązany 65 razy
  • Średni wynik to 7 z 20

Statystyki odpowiedzi

PiłkarzPoprzedni klub w którym grał% Poprawnych
Nemanja MaticChelsea
78%
Daniel CarvajalBayer Leverkusen
59%
Victor LindelofBenfica
59%
Samu CastillejoVillareal
56%
Christian BentekeLiverpool
52%
FernandinhoSzachtar
52%
DeAndre YedlinTottenham
47%
Angelo OgbonnaJuventus
45%
Moussa SissokoNewcastle
45%
Toby AlderweireldAtletico Madryt
42%
Nicolo ZanioloInter
39%
Milan SkriniarSampdoria
34%
Sergej Milinkovic-SavicGenk
27%
Gabriel JesusPalmeiras
27%
Matias VecinoFiorentina
23%
Eric DierSporting
20%
Timo BaumgartlStuttgart
14%
Martin DubravkaSparta Praga
11%
Che AdamsBirmingham
8%
Luka MilivojevicOlympiakos
5%

Rozkład punktacji

Percentyl według liczby udzielonych odpowiedzi

Procent ludzi z każdym wynikiem

Twoja historia wyników

Nie rozwiązałeś tego quizu